000 01038nam a22003137a 4500
003 CHAP
005 20220817044429.0
008 110323s1970 mx r 00010 spa d
010 _a100712
011 _a101684
035 _a112372
040 _cCHAP
082 0 4 _a668.40972
_bM36
100 1 _aMartínez Cortez, Fernando.
_971942
245 1 0 _aPegamentos, gomas y resinas en el México prehispanico
_c/por Fernando Martínez Cortés
260 _aMéxico, D.F. :
_bSEP,
_c1970
300 _a158 p. :
_bilus.
490 0 _aSEP/Setentas
_v; 124
590 _aBATCH-UPD
_b10
_c20130110
_lUCH01
_h0853
590 _aBATCH-UPD
_b10
_c20130410
_lUCH01
_h0524
590 _aBATCH-UPD
_b10
_c20130914
_lUCH01
_h1546
590 _aCONVERSION
_b10
_c20130109
_lUCH01
_h1355
650 0 4 _aGomas y resinas
_xMéxico.
_948611
650 0 4 _aMéxico
_xHistoria
_xEpoca prehispánica.
_976759
830 0 _aSEP. Setentas
_v; 124
901 _aBK
942 _cLIBRO
949 _a668.40972 M36
_bBC
_cLIBRO
_d33724002232595
_eLIBRO
_h114453
_i112372
_sb
_t$60.00
999 _c100712
_d100712